PHP y MySQL: domine el desarrollo de un sitio web dinámico e interactivo (Registro nro. 13445)
[ vista simple ]
| 000 -Cabecera | |
|---|---|
| Campo de control de longitud fija | 00727nam a22002657a 4500 |
| 005 - Fecha y hora de la última transacción | |
| Campo de control | 20250624155222.0 |
| 008 - Elementos de longitud fija--Información general | |
| Campo de control de longitud fija | 230223b2020 |||||||| |||| 00| 0 spa d |
| 020 ## - International Standard Book Number | |
| Número Internacional Estándar del Libro (ISBN) | 9782409024337 |
| 041 ## - Idioma | |
| Código de idioma | Español |
| 082 ## - Clasificación Decimal Dewey | |
| Número de clasificación | 005.133 H594p4 |
| 100 ## - Entrada principal--Autor personal | |
| Nombre personal | Heurtel, Olivier |
| 245 ## - Título propiamente dicho | |
| Título | PHP y MySQL: domine el desarrollo de un sitio web dinámico e interactivo |
| 250 ## - Edición | |
| Mención de edición | 4 edición |
| 260 ## - Pie de imprenta | |
| Lugar de publicación, distribución, etc. | España |
| Nombre del editor, distribuidor, etc. | Ediciones ENI |
| Fecha de publicación, distribución, etc. | 2020 |
| 300 ## - Descripción física | |
| Extensión | 793 páginas |
| 490 ## - Serie | |
| Título de la Serie | Tecnologías de la Información |
| 650 ## - Materia general | |
| Temática (materia general) | LENGUAJES DE PROGRAMACIÓN ESPECÍFICOS |
| 650 ## - Materia general | |
| Temática (materia general) | PÁGINAS WEB |
| 650 ## - Materia general | |
| Temática (materia general) | PHP |
| 650 ## - Materia general | |
| Temática (materia general) | MYSQL |
| 650 ## - Materia general | |
| Temática (materia general) | SITIOS WEB |
| 650 ## - Materia general | |
| Temática (materia general) | BASES DE DATOS |
| 650 ## - Materia general | |
| Temática (materia general) | CLASES PHP |
| 942 ## - Punto de acceso adicional KOHA | |
| Tipo de ítem KOHA | Libro |
| Fuente del sistema de clasificación o colocación | Dewey Decimal Classification |
| Signatura completa | Código de barras | Programa Académico | Tipo de ítem |
|---|---|---|---|
| 005.133 H594p4 | 25529 | Tecnologías de Información | Libro |
| 005.133 H594p4 | 25528 | Tecnologías de Información | Libro |